[Event "Titled Tuesday intern op 12th Mar Early"]
[Site "Chess.com INT"]
[Date "2024.03.12"]
[Round "9"]
[White "Sarana, Alexey"]
[Black "Kamsky, Gata"]
[Result "1-0"]
[WhiteElo "2699"]
[BlackElo "2616"]
[PlyCount "143"]
[EventDate "2024.03.12"]
[EventType "swiss (blitz)"]
[EventRounds "11"]
[EventCountry "USA"]
[SourceTitle "CB12_2024"]
[SourceDate "2023.10.01"]
[SourceVersion "1"]
[SourceVersionDate "2023.10.01"]
[SourceQuality "1"]

1. d4 f5 2. c4 Nf6 3. Nf3 g6 4. g3 Bg7 5. Bg2 0-0 6. 0-0 d6 7. Nc3 c6 8. Rb1 a5 9. Qb3 Na6 10. Na4 Ne4 11. Nb6 Nac5 12. dxc5 Nxc5 13. Qe3 Qxb6 14. Qxe7 Ne4 15. Ng5 Nxg5 16. Bxg5 Qc5 17. b3 Rf7 18. Qe8+ Rf8 19. Qe7 Rf7 20. Qe3 Qxe3 21. Bxe3 Be6 22. Rfd1 Rd7 23. Rd2 a4 24. Rbd1 axb3 25. axb3 Ra3 26. Rd3 Kf7 27. Bf3 Be5 28. Kg2 Ra2 29. Bc5 Rb2 30. Ba3 Rc2 31. Bxd6 Bxd6 32. Rxd6 Rxd6 33. Rxd6 Rb2 34. Rd3 Kf6 35. h4 h6 36. Rc3 g5 37. hxg5+ hxg5 38. e3 g4 39. Bd1 b5 40. Kf1 bxc4 41. bxc4 c5 42. Ke1 Ke5 43. Bc2 Rb4 44. Bd3 Rb2 45. Ra3 Rb4 46. Ra5 Kd6 47. Ra6+ Kd7 48. Kd2 Rb2+ 49. Bc2 Rb4 50. Ra7+ Kd6 51. Rh7 Ke5 52. Rc7 Kd6 53. Ra7 Ke5 54. Ra5 Rxc4 55. Bd3 Rb4 56. Rxc5+ Kf6 57. Rc6 Ke5 58. Rc5+ Kf6 59. Ra5 Rb2+ 60. Ke1 Rb3 61. Bc2 Rb2 62. Kd1 Rb6 63. Kd2 Rd6+ 64. Ke1 Rc6 65. Bd3 Rd6 66. Ke2 Rb6 67. e4 fxe4 68. Bxe4 Rb2+ 69. Ke3 Rb3+ 70. Kf4 Rb2 71. Ra6 Rxf2+ 72. Ke3 1-0

[Event "Titled Tuesday intern op 12th Mar Early"]
[Site "Chess.com INT"]
[Date "2024.03.12"]
[Round "7"]
[White "Sarana, Alexey"]
[Black "Kuzubov, Yuriy"]
[Result "1-0"]
[WhiteElo "2699"]
[BlackElo "2605"]
[PlyCount "67"]
[EventDate "2024.03.12"]
[EventType "swiss (blitz)"]
[EventRounds "11"]
[EventCountry "USA"]
[SourceTitle "CB12_2024"]
[SourceDate "2023.10.01"]
[SourceVersion "1"]
[SourceVersionDate "2023.10.01"]
[SourceQuality "1"]

1. d4 d5 2. c4 e6 3. Nc3 a6 4. cxd5 exd5 5. Bf4 Nf6 6. e3 Bd6 7. Bxd6 Qxd6 8. Bd3 0-0 9. h3 Re8 10. Qc2 Nc6 11. Nf3 Nb4 12. Qb1 b6 13. 0-0 Nxd3 14. Qxd3 g6 15. Rac1 Bf5 16. Qd1 Rad8 17. Qa4 Bc8 18. Rc2 Re7 19. Rfc1 Bf5 20. Rd2 Bc8 21. Ne2 Bb7 22. Rdc2 Ne4 23. Nc3 Nf6 24. b4 Kg7 25. a3 Ng8 26. Ne2 h6 27. Nf4 f6 28. Nh4 Kh7 29. Nfxg6 Rf7 30. Nf5 Qe6 31. Ngh4 c6 32. Rc3 h5 33. Qc2 Qe4 34. Qd1 1-0

[Event "Titled Tuesday intern op 27th Feb Late"]
[Site "Chess.com INT"]
[Date "2024.02.27"]
[Round "8"]
[White "Ghasi, Ameet K"]
[Black "Sarana, Alexey"]
[Result "0-1"]
[WhiteElo "2509"]
[BlackElo "2697"]
[PlyCount "64"]
[EventDate "2024.02.27"]
[EventType "swiss (blitz)"]
[EventRounds "11"]
[EventCountry "USA"]
[SourceTitle "CB10_2024"]
[SourceDate "2024.03.06"]
[SourceVersion "1"]
[SourceVersionDate "2024.03.06"]
[SourceQuality "1"]

1. Nf3 d5 2. b3 c5 3. Bb2 Nc6 4. e3 a6 5. d4 Nf6 6. dxc5 Bg4 7. a3 e5 8. b4 e4 9. h3 Bh5 10. g4 Bg6 11. Nd4 Be7 12. c4 Ne5 13. Ne6 fxe6 14. Bxe5 0-0 15. Nc3 Nd7 16. Bg3 Bf6 17. Rc1 Be5 18. Rg1 Bxg3 19. Rxg3 Ne5 20. cxd5 Qh4 21. Be2 Qf6 22. Rg2 Qh4 23. Rg3 Qf6 24. Rg2 Nd3+ 25. Bxd3 exd3 26. d6 Qe5 27. Kd2 a5 28. f4 Rxf4 29. exf4 Qxf4+ 30. Ke1 Rf8 31. Ne2 d2+ 32. Qxd2 Qf1# 0-1